000 00931nam a22002537a 4500
999 _c4607
_d4607
001 4607
003 BD-JhCC
005 20171128195210.0
008 171128r19511965ii ab||| |||| 001 0 eng d
035 _a(BD-JhCC)4607
040 _aBD-JhCC
_dBD-JhCC
041 _aeng
082 _a954.035
_bNEH 1965
100 _aনেহরু, জওহরলাল
245 _aবিশ্ব-ইতিহাস প্রসঙ্গ /
_cজওহরলাল নেহরু অনুবাদ ভি কে কৃষ্ণ মেনন
260 _aকলকাতা :
_bআনন্দ পাবলিশার্স প্রাইভেট লিমিটেড ,
_c১৯৬৫.
300 _a৯৪২ পৃ. :
_bill. ;
_c২২ সেমি.
504 _aIncludes Maps
650 _aWorld History
650 _aCivilization
700 _aমেনন, ভি কে কৃষ্ণ
942 _2ddc
_cBK